Statistics for Countries Most Similar To Uzbekistan

Click here to take the quiz!

General Stats

  • This quiz has been taken 44 times
  • The average score is 13 of 20

Answer Stats

RankCountryScore% Correct
2Kazakhstan79
97%
4Tajikistan75.7
97%
1Turkmenistan80.4
97%
11Afghanistan62.1
90%
3Kyrgyzstan76.3
90%
5Azerbaijan73.7
86%
7Iran64.2
83%
6Turkey65.4
83%
17Iraq60.5
76%
8Mongolia63.3
76%
10Armenia62.6
72%
12Syria62
69%
9Egypt62.7
45%
18Tunisia60.3
45%
16Belarus61.1
41%
19Morocco59.8
41%
14Algeria61.8
34%
13Jordan61.8
34%
15Moldova61.2
28%
20Albania59.7
21%

Score Distribution

Percentile by Number Answered

Percent of People with Each Score

Your Score History

You have not taken this quiz